000
00287nam a22001337a 4500
020
_a
978-93-81318-88-1
082
_a
641.5
_b
BEL/P
100
_a
BELKIS
245
_a
PAACHAKAMANJARI
260
_a
THRISSUR
_b
H & C BOOKS
_c
2012
300
_a
96
650
_a
COOKING BOOK
_z
INDIA
942
_c
BK
999
_c
981
_d
981